Sports Quiz

Random Sports or NBA Quiz
Score 0/100 Timer 10:00
1 Play Today
Team Player % Correct
WarriorsStephen Curry
99.2%
RocketsJames Harden
99.2%
LakersLeBron James
99.2%
ClippersKawhi Leonard
98.9%
NetsKevin Durant
98.9%
76ersJoel Embiid
98.9%
HeatJimmy Butler
98.7%
NetsKyrie Irving
98.7%
Trail BlazersDamian Lillard
98.7%
ClippersPaul George
98.7%
LakersAnthony Davis
98.7%
RocketsRussell Westbrook
98.4%
WizardsBradley Beal
98.1%
NuggetsNikola Jokic
98.1%
WarriorsKlay Thompson
97.6%
WarriorsDraymond Green
97.6%
CavaliersTristan Thompson
97.3%
76ersBen Simmons
97.3%
SunsDevin Booker
97.1%
ThunderChris Paul
97.1%
CelticsKemba Walker
96.8%
TimberwolvesKarl-Anthony Towns
96.8%
RaptorsKyle Lowry
96.2%
PacersVictor Oladipo
96.2%
PistonsBlake Griffin
96%
BucksKhris Middleton
96%
JazzDonovan Mitchell
96%
SpursLaMarcus Aldridge
95.7%
JazzRudy Gobert
95.7%
SpursDeMar DeRozan
95.2%
BucksGiannis Antetokounmpo
94.1%
MavericksLuka Doncic
93.8%
ClippersLou Williams
93.6%
CelticsJayson Tatum
93.3%
Team Player % Correct
CavaliersKevin Love
93.3%
HawksTrae Young
92.2%
BullsZach LaVine
92.2%
Trail BlazersCJ McCollum
91.7%
MavericksKristaps Porzingis
91.4%
PelicansJrue Holiday
91.4%
PistonsAndre Drummond
91.2%
RaptorsPascal Siakam
91.2%
WarriorsD'Angelo Russell
90.3%
MagicNikola Vucevic
89.8%
76ersTobias Harris
89%
NuggetsGary Harris
89%
JazzMike Conley
89%
NuggetsJamal Murray
88.7%
76ersAl Horford
88.5%
ThunderSteven Adams
85.3%
RocketsEric Gordon
83.6%
KnicksJulius Randle
83.6%
CelticsJaylen Brown
83.4%
MagicAaron Gordon
83.4%
PacersMyles Turner
83.4%
BucksEric Bledsoe
81.8%
WizardsJohn Wall
80.4%
KingsDe'Aaron Fox
79.9%
CelticsGordon Hayward
79.4%
PacersMalcolm Brogdon
79.4%
BucksBrook Lopez
78.8%
HawksJohn Collins
77.2%
TimberwolvesAndrew Wiggins
76.7%
RaptorsMarc Gasol
75.6%
HornetsTerry Rozier
72.7%
HeatGoran Dragic
72.7%
JazzJoe Ingles
72.4%
PacersDomantas Sabonis
71%
Team Player % Correct
SpursPatty Mills
71%
JazzBojan Bogdanovic
70%
PelicansBrandon Ingram
69.2%
NuggetsPaul Millsap
67.8%
RocketsP.J. Tucker
66.8%
76ersJosh Richardson
66.5%
BullsLauri Markkanen
66.5%
CelticsMarcus Smart
65.7%
SunsRicky Rubio
65.4%
GrizzliesJaren Jackson
65.1%
PistonsReggie Jackson
65.1%
ClippersMontrezl Harrell
64.6%
ThunderDanilo Gallinari
64.3%
BullsOtto Porter
64.3%
RaptorsFred VanVleet
58.7%
LakersKyle Kuzma
57.9%
MagicEvan Fournier
57.6%
ClippersPatrick Beverley
56.6%
RaptorsSerge Ibaka
56.3%
Trail BlazersJusuf Nurkic
55.5%
KingsMarvin Bagley
52.5%
HeatBam Adebayo
52%
LakersDeMarcus Cousins
50.9%
KingsHarrison Barnes
50.7%
LakersDwight Howard
48%
PacersT.J. Warren
46.4%
WizardsThomas Bryant
43.7%
MagicTerrence Ross
40.8%
WizardsIsaiah Thomas
39.7%
NuggetsWill Barton
38.1%
KnicksMarcus Morris
37%
SunsDario Saric
28.2%

You're not logged in!

Compare scores with friends on all Sporcle quizzes.
OR
Log In

Sporcle TV

Today on Sporcle TV


Watch our educational content, quiz creation guides, and fun videos on Sporcle TV.

Show Comments

Extras

Top Quizzes Today


Score Distribution

Paid Content

Your Account Isn't Verified!

In order to create a playlist on Sporcle, you need to verify the email address you used during registration. Go to your Sporcle Settings to finish the process.

Report this User

Report this user for behavior that violates our Community Guidelines.

Details: